Faculty of Law Library — Cairo University

Official Online Catalog

Le Droit Pénal International Et Sa Mise En Œuvre: (Record no. 72992)

MARC details
000 -LEADER
fixed length control field 01283nam a2200313 i 4500
003 - CONTROL NUMBER IDENTIFIER
control field EG-GICUC
005 - DATE AND TIME OF LATEST TRANSACTION
control field 20260423113023.0
008 - FIXED-LENGTH DATA ELEMENTS--GENERAL INFORMATION
fixed length control field 260423s1921 fr fr|||| 001 0 fre d
040 ## - CATALOGING SOURCE
Original cataloging agency EG-GiCUC
Language of cataloging fre
Transcribing agency EG-GiCUC
Modifying agency EG-GiCUC
Description conventions Rda
041 0# - LANGUAGE CODE
Language code of text/sound track or separate title fre
082 04 - DEWEY DECIMAL CLASSIFICATION NUMBER
Edition number 21
Classification number 343.5
Item number TR . D
092 04 - LOCALLY ASSIGNED DEWEY CALL NUMBER (OCLC)
Edition number 21
099 ## - LOCAL FREE-TEXT CALL NUMBER (OCLC)
Classification number Law1 10 343.5 TR . D 1 ed - 1921
100 1# - MAIN ENTRY--PERSONAL NAME
Personal name Travers. Maurice,
Relator term Auteur
245 ## - TITLE STATEMENT
Title Le Droit Pénal International Et Sa Mise En Œuvre:
Remainder of title En Temps De Paix Et En Temps De Guerre /
Statement of responsibility, etc. Par Maurice Travers.
Number of part/section of a work TOME III.
246 1# - VARYING FORM OF TITLE
Title proper/short title Mise en œuvre de la loi pénale. Actes à accomplir sur la territoire. Actes accomplis à l'étranger en exécution d'ane loi pénale étrangère poursuites et décisions répressives étrangères.
264 ## - PRODUCTION, PUBLICATION, DISTRIBUTION, MANUFACTURE, AND COPYRIGHT NOTICE
Place of production, publication, distribution, manufacture Paris :
Name of producer, publisher, distributor, manufacturer Librairie De La Société Du Recueil Sirey,
Date of production, publication, distribution, manufacture, or copyright notice 1921.
300 ## - PHYSICAL DESCRIPTION
Extent 552 page ;
Dimensions 24 cm.
336 ## - CONTENT TYPE
Source rda contenu
Content type term texte
337 ## - MEDIA TYPE
Source rda medias
Media type term Ordinateur
338 ## - CARRIER TYPE
Source transporteur rda
Carrier type term Ressource en ligne
504 ## - BIBLIOGRAPHY, ETC. NOTE
Bibliography, etc. note Comprend des références bibliographiques et un index.<br/><br/>
650 14 - SUBJECT ADDED ENTRY--TOPICAL TERM
Topical term or geographic name entry element Droit pénal.
Source of heading or term qrmak
651 1# - SUBJECT ADDED ENTRY--GEOGRAPHIC NAME
Source of heading or term qrmak
710 ## - ADDED ENTRY--CORPORATE NAME
Corporate name or jurisdiction name as entry element Léon Tenin, Directeur.
856 40 - ELECTRONIC LOCATION AND ACCESS
Uniform Resource Identifier <a href="https://fll.law.cu.edu.eg/fulltext/bks/B10-11245.pdf">https://fll.law.cu.edu.eg/fulltext/bks/B10-11245.pdf</a>
905 ## - Cataloger and Reviser Names
Cataloger Name: Ganna Ahmed
942 ## - ADDED ENTRY ELEMENTS (KOHA)
Source of classification or shelving scheme Dewey Decimal Classification
Koha item type Books
Edition 21
Suppress in OPAC No
Holdings
Withdrawn status Lost status Source of classification or shelving scheme Damaged status Not for loan Collection Home library Current library Date acquired Total checkouts Full call number Barcode Date last seen Copy number Price effective from Koha item type
    Dewey Decimal Classification   Not for loan القانون الجنائي جــــامعة القــاهرة مكتبة كلية الحقوق - المبنى الرئيسي 23.04.2026   Law1 10 343.5 TR . D 1 ed - 1921 1011245 C1 B10-11245 23.04.2026 1 23.04.2026 Books

© All rights reserved — Faculty of Law, Cairo University